Most Populous U.S. Cities With a More Populous City of the Same Name - Statistics

General Stats
  • This quiz has been taken 62 times
  • The average score is 9 of 13
Answer Stats
State of Larger City State Population City % Correct
MO KS 154,545 Kansas City
92%
MO MA 154,789 Springfield
92%
MO, MA IL 113,394 Springfield
92%
OH GA 205,617 Columbus
83%
SC MO 126,853 Columbia
78%
VA CA 115,639 Richmond
76%
NY MN 121,465 Rochester
69%
CO IL 179,266 Aurora
68%
AZ CA 192,366 Glendale
53%
AZ IL 111,666 Peoria
53%
TX CA 135,732 Pasadena
46%
CA NC 107,697 Concord
27%
CO NJ 138,070 Lakewood
27%
No matching quizzes found
Score Distribution
Percent of People with Each Score
Percentile by Number Answered
Your Score History
You have not taken this quiz